| 000 | 00338nam a2200145Ia 4500 | ||
|---|---|---|---|
| 008 | 230917s9999||||xx |||||||||||||| ||und|| | ||
| 040 |
_e52385 _aMAIN |
||
| 041 | _aEnglish | ||
| 082 | _aB J334M:I | ||
| 100 | _aMasani, Minoo | ||
| 245 | 0 | _aJ P the answer ? | |
| 260 |
_aDelhi _bMacmillan India _c1975 |
||
| 300 | _a133 p. | ||
| 942 | _cBK | ||
| 999 |
_c171032 _d171032 |
||